Biggest Metro Areas Along the Mississippi River - Statistics

General Stats
  • This quiz has been taken 184 times
  • The average score is 5 of 8
Answer Stats
Population City % Correct
1,214,932 New Orleans
99%
2,916,447 St. Louis
95%
1,316,100 Memphis
89%
3,615,901 Minneapolis-St.Paul
89%
802,484 Baton Rouge
73%
474,937 Quad Cities
46%
133,365 La Crosse, WI
27%
189,148 St. Cloud, MN
18%
No matching quizzes found
Score Distribution
Percent of People with Each Score
Percentile by Number Answered
Your Score History
You have not taken this quiz